002020000a220007300045001000027000002450031000273000045000587730025001031 aVásquez, Jorge Jaime10aLa nueva liturgia exequial aVol 25, Núm 4 (1975), Páginas 97-1050 tTheologica xaveriana